<?xml version="1.0" encoding="UTF-8"?>
<marc:record xmlns:marc="http://www.loc.gov/MARC21/slim">
   <marc:leader>00000nam a2200000 a 4500</marc:leader>
   <marc:datafield ind1="1" ind2=" " tag="100">
      <marc:subfield code="a">Lamb, Wally</marc:subfield>
      <marc:subfield code="4">aut</marc:subfield>
      <marc:subfield code="e">Verfasser/-in</marc:subfield>
   </marc:datafield>
   <marc:datafield ind1="0" ind2="0" tag="245">
      <marc:subfield code="a">Die Stunde, in der ich zu glauben begann</marc:subfield>
   </marc:datafield>
   <marc:datafield ind1="0" ind2="0" tag="245">
      <marc:subfield code="c">Wally Lamb. Aus dem Engl. von Charlotte Breuer und Norbert Möllemann</marc:subfield>
   </marc:datafield>
   <marc:datafield ind1=" " ind2="1" tag="264">
      <marc:subfield code="a">München</marc:subfield>
      <marc:subfield code="b">Pendo</marc:subfield>
      <marc:subfield code="c">2009</marc:subfield>
   </marc:datafield>
   <marc:datafield ind1=" " ind2=" " tag="250">
      <marc:subfield code="a">2. Aufl.</marc:subfield>
   </marc:datafield>
   <marc:datafield ind1="1" ind2=" " tag="520">
      <marc:subfield code="a">Quelle: bn.bibliotheksnachrichten (http://www.biblio.at/literatur/bn/index.html); #Autor: Doris Göldner; #Während der psychischen Erkrankung und des Gefängnisaufenthaltes seiner Frau deckt Caelum Quirk Schritt für Schritt die Geheimnisse seiner eigenen Familiengeschichte auf. (DR)##Schwierigkeiten in der Ehe bringen Caelum Quirk und seine Frau Maureen dazu, nach Littelton/Colorado zu übersiedeln, wo sie beide an der Columbine Highschool Arbeit finden. Dort erlebt Maureen den Amoklauf der beiden Schüler in einem Wandschrank versteckt hautnah mit und erholt sich danach nie wieder von diesem schweren Trauma. Um ihr zu helfen, zieht das Paar wieder zurück nach Connecticut, wo Caelums Familie eine Farm besitzt. Als Maureen in einem Verkehrsunfall einen Buben tötet, landet sie in jenem Gefängnis, das Caelums Großmutter 100 Jahre zuvor als erstes amerikanisches Frauengefängnis gegründet und geleitet hat. Für Caelum bedeutet der Aufenthalt auf der elterlichen Farm, dass er sich seiner Vergangenheit stellen muss, was viele schmerzliche Erkenntnisse zur Folge hat.#Der fast 750 Seiten lange Roman bringt zu viele Themen unter: Schülerattentate, eheliche Gewalt, Familiengeheimnisse, vernachlässigte Kinder, Strafvollzug, Unwetterkatastrophen usw. Das macht das Buch stellenweise langweilig, mitunter liest es sich beinahe wie ein Aufsatz. In seinem Bemühen, jede Begebenheit zu erklären, schießt der Autor über das Ziel hinaus, dazu kommt noch, dass die amerikanische Lebenshaltung und Einstellung für europäische LeserInnen häufig ein wenig befremdlich wirkt.#Wenn man sich mit Geduld auf das Buch einlässt, wird man einen interessanten Bereich amerikanischer Zeit- und Familiengeschichte kennenlernen, wenn man Literatur erwartet, wird man enttäuscht sein.</marc:subfield>
   </marc:datafield>
   <marc:datafield ind1=" " ind2=" " tag="020">
      <marc:subfield code="a">9783866122062</marc:subfield>
      <marc:subfield code="9">9783866122062</marc:subfield>
   </marc:datafield>
   <marc:datafield ind1=" " ind2=" " tag="041">
      <marc:subfield code="a">ger</marc:subfield>
   </marc:datafield>
   <marc:datafield ind1=" " ind2=" " tag="300">
      <marc:subfield code="a">749 S.</marc:subfield>
   </marc:datafield>
</marc:record>
